[Event "Taastrup Quick Weekend 13th B4"]
[Site "Taastrup"]
[Date "2011.04.01"]
[Round "1"]
[White "Brix, Nicolai"]
[Black "Borregaard, Katinka Holmboe"]
[Result "1-0"]
[WhiteElo "1207"]
[BlackElo "1028"]
[PlyCount "63"]
[EventDate "2011.04.01"]
[EventType "swiss"]
[EventRounds "5"]
[EventCountry "DEN"]
[SourceTitle "EXT 2023"]
[Source "ChessBase"]
[SourceDate "2022.10.05"]
[SourceVersion "1"]
[SourceVersionDate "2022.10.05"]
[SourceQuality "1"]

1. e4 e5 2. d4 exd4 3. c3 dxc3 4. Nxc3 Bc5 5. Bc4 d6 6. Nf3 Nf6 7. 0-0 0-0 8. Qb3 h6 9. e5 dxe5 10. Nxe5 Qe7 11. Ng6 Qe8 12. Nxf8 Bxf8 13. Bf4 c6 14. Rad1 Be7 15. Rfe1 Qf8 16. Ne4 Nbd7 17. Nd6 Nc5 18. Bxf7+ Kh8 19. Qe3 Bxd6 20. Bxd6 Qxf7 21. Bxc5 Bd7 22. Qe7 Be8 23. Qxf7 Bxf7 24. b3 b6 25. Bd4 Nd5 26. Re4 c5 27. Bb2 Nb4 28. Re7 Bh5 29. Rdd7 Nc6 30. Rxg7 Re8 31. Rh7+ Kg8 32. Rh8# 1-0